| 000 | 00562cam a22002053a 4500 | ||
|---|---|---|---|
| 001 | 38652 | ||
| 003 | PGUSA | ||
| 005 | 20140828083843.0 | ||
| 008 | 120123s2012||||xxu|||||s|||||000 | eng d | ||
| 040 |
_aPGUSA _beng |
||
| 042 | _adc | ||
| 100 | 1 | _aAllbut, Robert | |
| 245 | 1 | 0 |
_aRambles in Dickens' Land _h[electronic resource] / _cRobert Allbut |
| 260 |
_bProject Gutenberg, _c2012 |
||
| 506 | _aPublic domain in the USA. | ||
| 516 | _aElectronic text | ||
| 830 | 0 |
_aProject Gutenberg _v38652 |
|
| 856 | 4 | 0 | _uhttp://www.gutenberg.org/ebooks/38652 |
| 942 | _cEB | ||
| 999 |
_c267906 _d267906 |
||